Города Оренбургской области - Statistics

General Stats
  • This quiz has been taken 108 times
  • The average score is 8 of 12
Answer Stats
Население Город % Correct
536 862 Оренбург
100%
189 195 Орск
94%
26 149 Соль-Илецк
73%
75 960 Новотроицк
71%
88 341 Бузулук
69%
43 593 Бугуруслан
65%
33 280 Гай
58%
23 693 Медногорск
54%
26 596 Кувандык
50%
28 478 Сорочинск
46%
17 274 Абдулино
46%
15 471 Ясный
37%
No matching quizzes found
Score Distribution
Percent of People with Each Score
Percentile by Number Answered
Your Score History
You have not taken this quiz